| 000 | 00546nam a22001937a 4500 | ||
|---|---|---|---|
| 999 |
_c6388 _d6388 |
||
| 003 | AR-CdUCM | ||
| 008 | 190315b ||||| |||| 00| 0 spa d | ||
| 040 |
_aMUNICIPALIDAD PROVINCIAL DEL CUSCO _cBIBLIOTECA MUNICIPAL DEL CUSCO |
||
| 082 |
_a839.974 / _bH19 |
||
| 100 |
_aHamsun, Knut _910427 |
||
| 245 | _aPan / | ||
| 260 |
_aSantiago de Chile : _bErcilla, _c1933. |
||
| 300 |
_a94 páginas ; _c19 cm. |
||
| 500 | _aDonación familia Nieto | ||
| 650 |
_aNovelas Noruegas _910428 |
||
| 650 |
_aSiglo XX _98 |
||
| 942 |
_2ddc _cLIBROS |
||
| 945 | _aafb | ||